Gender and education (Record no. 767)

MARC details
000 -LEADER
fixed length control field 00455nam a2200169Ia 4500
008 - FIXED-LENGTH DATA ELEMENTS--GENERAL INFORMATION
fixed length control field 230917s9999||||xx |||||||||||||| ||und||
020 ## - ISBN
Price RS 645.00
040 ## - CATALOGING SOURCE
-- 5005875
Original cataloging agency VIVEKANANDA LIBRARY
041 ## - Language
-- English
082 ## - DDC NUMBER
Classification number 376.973 R141G
100 ## - MAIN ENTRY--PERSONAL NAME
Personal name Ramachandran, Vimala, ed.
245 #0 - TITLE STATEMENT
Title Gender and education
260 ## - PUBLICATION, DISTRIBUTION, ETC. (IMPRINT)
Place of publication, distribution, etc Hyderabad
Name of publisher, distributor, etc Orient Blackswan
Date of publication, distribution, etc 2019
300 ## - PHYSICAL DESCRIPTION
Pages xv, 392 p.
500 ## - GENERAL NOTE
General note 3891 24/12/2019 HBD20/8363 13/03/2020 Main Budget
942 ## - ADDED ENTRY ELEMENTS (KOHA)
Koha item type Books
Holdings
Withdrawn status Lost status Damaged status Not for loan Location (home branch) Sublocation or collection (holding branch) Date acquired Koha issues (times borrowed) Koha full call number Accession No. Koha date last seen Koha item type
        VIVEKANANDA LIBRARY VIVEKANANDA LIBRARY 19/03/2020   376.973 R141G 392527 17/09/2023 Books
© Designed and Maintained by Vivekananda Library, MDU Rohtak